| 000 | 00327pab a2200121 454500 | ||
|---|---|---|---|
| 008 | 180718b xxu||||| |||| 00| 0 eng d | ||
| 100 | _aAragon, Randall | ||
| 245 | _aOrganizational politics: a primer for the police executive | ||
| 650 | _a Organizational Politics | ||
| 650 | _aPolice | ||
| 773 | _aPolice Journal | ||
| 909 | _a24420 | ||
| 999 |
_c24420 _d24420 |
||